Mank devi (Record no. 325316)

000 -LEADER
fixed length control field 00238 a2200109 4500
001 - CONTROL NUMBER
control field 90243
082 ## - DEWEY DECIMAL CLASSIFICATION NUMBER
Classification number 891.439308 MAN
090 ## - LOCALLY ASSIGNED LC-TYPE CALL NUMBER (OCLC); LOCAL CALL NUMBER (RLIN)
-- 42564
-- 42564
100 ## - MAIN ENTRY--PERSONAL NAME
Personal name Mansoor Ahmed
245 ## - TITLE STATEMENT
Title Mank devi
260 ## - PUBLICATION, DISTRIBUTION, ETC.
Place of publication, distribution, etc. Lahore
Name of publisher, distributor, etc. Safina
Date of publication, distribution, etc. 1999
942 ## - ADDED ENTRY ELEMENTS (KOHA)
Institution code [OBSOLETE] NUST-CAE
Call number prefix 891.439308 MAN
Holdings
Withdrawn status Lost status Damaged status Not for loan Collection code Permanent Location Current Location Date acquired Total Checkouts Full call number Barcode Date last seen Price effective from Koha item type
          College of Aeronautical Engineering (CAE) College of Aeronautical Engineering (CAE) 04/03/2017   891.439308 MAN CAE73229 04/05/2017 04/05/2017 Book
© 2023 Central Library, National University of Sciences and Technology. All Rights Reserved.